00507nam a2200157 a 4500020001800000082001800018100001900036245005800055260004700113300000900160500003500169505004900204650004000253650003700293700001900330 a0674779 00a297.2465bKHA aKhalidi, Tarif aMuslim Jesus:Saying and Stories in Islamic Literature aCambridgebHarvard University Press c2001 a245p aincludes index and biblioraphy2 aNotes, Bibliography of Arabic Sources, Index aJesus Christ-Islamic Interpretation aChristianity and Other Religions1 aKhalidi, Tarif